000 00348nam a2200133Ia 4500
008 240624s9999 xx 000 0 und d
041 _aeng
082 _a659.1 MOH
100 _aMOHAN MANENDRA
245 _aADVERTISING MANAGEMENT CONCEPTS AND CASE
260 _c2004
_aNew Delhi
_bTata McGrawhill
300 _axi, : 418 : p. : cm. ; 25
365 _cRS
999 _c642
_d642